Lukisan geometri

Bibliographic Details
Main Author: Ong, Kok Seng
Format: Book
Language:Malay
Published: Kuala Lumpur : Penerbit Fajar Bakti , c1992
Subjects:

MARC

LEADER 00000cam a2200000 7i4500
001 0000008474
005 20230609.0
008 010212 my may
020 |a 9676519723 (pbk) 
040 |a INS 
090 0 0 |a QA464   |b .O5884 1992 
100 1 |a Ong, Kok Seng 
245 1 0 |a Lukisan geometri   |c Ong Kok Seng 
260 |a Kuala Lumpur :   |b Penerbit Fajar Bakti ,   |c c1992 
300 |a vi, 137 p. :   |b ill. ;   |c 25 cm. 
650 0 |a Geometrical drawing 
999 |a 0000008051   |b BOOK   |c Open Shelf   |e Default branch